| Tag |
First Indicator |
Second Indicator |
Subfields |
| LEADER |
00000nam a2200000 i 4500 |
| 001 |
in00005501021 |
| 003 |
OCoLC |
| 005 |
20240912143949.5 |
| 006 |
m o d |
| 007 |
cr cnu---unuuu |
| 008 |
240307s2024 njua ob 001 0 eng |
| 010 |
|
|
|a 2024001331
|
| 024 |
8 |
|
|a 40032444501
|
| 040 |
|
|
|a DLC
|b eng
|e rda
|c DLC
|d IEEEE
|d OCLCO
|d EBLCP
|d YDX
|
| 019 |
|
|
|a 1443931646
|
| 020 |
|
|
|a 9780691249643
|q electronic book
|
| 020 |
|
|
|a 0691249644
|q electronic book
|
| 020 |
|
|
|z 9780691249131
|q hardcover
|
| 035 |
|
|
|a (OCoLC)1427948148
|z (OCoLC)1443931646
|
| 037 |
|
|
|a 10614694
|b IEEE
|
| 042 |
|
|
|a pcc
|
| 050 |
|
4 |
|a Q335
|b .N368 2024
|
| 082 |
0 |
0 |
|a 006.3
|2 23/eng/20240324
|
| 100 |
1 |
|
|a Narayanan, Arvind,
|e author.
|
| 245 |
1 |
0 |
|a AI snake oil :
|b what artificial intelligence can do, what it can't, and how to tell the difference /
|c Arvind Narayanan & Sayash Kapoor.
|
| 246 |
3 |
0 |
|a Artificial intelligence snake oil
|
| 246 |
3 |
0 |
|a What artificial intelligence can do, what it can't, and how to tell the difference
|
| 264 |
|
1 |
|a Princeton, New Jersey :
|b Princeton University Press,
|c [2024]
|
| 300 |
|
|
|a 1 online resource ( x, 348 pages) :
|b illustrations (chiefly color).
|
| 336 |
|
|
|a text
|b txt
|2 rdacontent
|
| 337 |
|
|
|a computer
|b c
|2 rdamedia
|
| 338 |
|
|
|a online resource
|b cr
|2 rdacarrier
|
| 504 |
|
|
|a Includes bibliographical references and index.
|
| 588 |
|
|
|a Description based on online resource; title from digital title page (viewed on September 12, 2024).
|
| 650 |
|
0 |
|a Artificial intelligence.
|
| 650 |
|
6 |
|a Intelligence artificielle.
|0 (CaQQLa)201-0008626
|
| 650 |
|
7 |
|a artificial intelligence.
|2 aat
|0 (CStmoGRI)aat300251574
|
| 655 |
|
7 |
|a Electronic books.
|2 local
|
| 700 |
1 |
|
|a Kapoor, Sayash,
|d 1996-
|e author.
|
| 710 |
2 |
|
|a Walter de Gruyter & Co.
|
| 776 |
1 |
8 |
|i Print version:
|a Narayanan, Arvind.
|t AI snake oil
|d Princeton : Princeton University Press, [2024]
|z 9780691249131
|w (DLC) 2024001330
|
| 856 |
4 |
0 |
|u http://proxy.library.tamu.edu/login?url=https://www.degruyter.com/isbn/9780691249643
|z Connect to the full text of this electronic book
|t 0
|
| 945 |
|
|
|b 186653
|
| 955 |
|
|
|a YBP purchased approval e-records
|
| 980 |
|
|
|b ebook
|c 40032444501
|f NONFIC/B
|g 565751
|k USD
|m 78.00
|q 1
|s AcqMono Conventional
|t Approval plan
|u Vendor order reference number
|v ZYBP
|y E-approvals
|z Electronic resource
|
| 999 |
f |
f |
|i 6c033981-0d41-4941-b9e8-a17244bbfc52
|s 1c724217-8c73-4b6e-b7b2-45c4540e421d
|t 0
|
| 952 |
f |
f |
|a Texas A&M University
|b College Station
|c Electronic Resources
|s www_evans
|d Available Online
|t 0
|e Q335 .N368 2024
|h Library of Congress classification
|